[Event "17th Prague Open 2018"]
[Site "Prague"]
[Date "2018.01.18"]
[Round "8"]
[White "Utiatskaja, Irina"]
[Black "Thakur, Akash"]
[Result "0-1"]
[WhiteElo "2164"]
[BlackElo "2338"]
[Annotator "NA"]
[PlyCount "90"]
[EventDate "2018.??.??"]
[EventType "swiss"]
[EventCountry "CZE"]
[SourceTitle "playchess.com"]
[Source "ChessBase"]
[SourceQuality "1"]
[TimeControl "40/5400+30:1800+30"]

1. e4 {[%emt 0:00:00]} e5 {[%emt 0:00:10]} 2. Nf3 {[%emt 0:00:00]} Nc6 {[%emt 0:00:08]} 3. Nc3 {[%emt 0:00:00]} Nf6 {[%emt 0:00:33]} 4. Bb5 {[%emt 0:00:12]} Bd6 {[%emt 0:03:32]} 5. d3 {[%emt 0:00:38]} h6 {[%emt 0:00:40] C48: Four Knights: 4 Bb5, replies other than 4...Bb4} 6. a3 {[%emt 0:00:08]} (6. Ne2 a6 7. Ba4 b5 8. Bb3 Na5 9. d4 Nxb3 10. axb3 Nxe4 11. dxe5 Bc5 12. Qd5 Bxf2+ 13. Kf1 {½-½ (49) Inarkiev,E (2689)-Svidler,P (2765) St Petersburg 2017}) 6... O-O {[%emt 0:00:49]} 7. g4 {[%emt 0:02:27]} Nh7 {[%emt 0:19:45] LiveBook: 7 Games} ({Don't play} 7... Nxg4 $6 8. Rg1 $16) (7... Nd4 $11 {remains equal.}) 8. Be3 {[%emt 0:12:20]} a6 {[%emt 0:01:25]} 9. Bc4 $146 {[%emt 0:00:18]} ({Predecessor:} 9. Ba4 b5 10. Bb3 Be7 11. h4 Na5 12. g5 Nxb3 13. cxb3 {1-0 (33) Kadric,D (2511)-Marholev,D (2317) Paracin 2015}) 9... b5 {[%emt 0:00:44]} 10. Ba2 {[%emt 0:04:00]} b4 {[%emt 0:11:36]} 11. axb4 {[%emt 0:00:06]} Nxb4 {[%emt 0:00:11] [#]} 12. Bb3 $1 {[%emt 0:00:04]} Qe7 {[%emt 0:01:06]} (12... Nc6 $142 13. h4 Kh8) 13. h4 {[%emt 0:00:40]} Bc5 {[%emt 0:08:58]} 14. g5 {[%emt 0:13:06]} Bxe3 {[%emt 0:00:20]} 15. fxe3 {[%emt 0:00:03]} Kh8 {[%emt 0:01:53]} 16. gxh6 {[%emt 0:14:49]} gxh6 {[%emt 0:00:14]} 17. Qe2 {[%emt 0:03:02]} d6 $16 {[%emt 0:00:34]} 18. Kd2 {[%emt 0:03:03]} Be6 {[%emt 0:02:58]} 19. Bxe6 {[%emt 0:14:10]} Qxe6 {[%emt 0:00:05]} 20. Ng5 {[%emt 0:08:52]} hxg5 {[%emt 0:17:33]} 21. hxg5 {[%emt 0:00:32]} Rg8 {[%emt 0:00:01]} 22. Rh6 {[%emt 0:00:19]} Rg6 {[%emt 0:00:48]} 23. Rah1 {[%emt 0:02:12]} Rxh6 {[%emt 0:00:23]} 24. Rxh6 {[%emt 0:00:04]} Qe8 {[%emt 0:00:37]} 25. Qh5 {[%emt 0:00:06]} Qg8 {[%emt 0:00:05]} 26. Ne2 {[%emt 0:05:13]} Re8 {[%emt 0:07:18]} 27. Ng3 {[%emt 0:00:19]} Nc6 {[%emt 0:00:13]} 28. c3 {[%emt 0:10:30]} Nd8 {[%emt 0:00:33]} 29. Nf5 {[%emt 0:01:37]} Re6 {[%emt 0:00:42]} 30. d4 {[%emt 0:03:11]} Rxh6 {[%emt 0:00:50]} 31. gxh6 {[%emt 0:00:30]} Qg2+ {[%emt 0:00:07]} 32. Kd3 {[%emt 0:00:11]} Qxe4+ {[%emt 0:00:37]} 33. Kxe4 {[%emt 0:00:31]} Nf6+ {[%emt 0:00:04]} 34. Kf3 {[%emt 0:00:03]} Nxh5 {[%emt 0:00:04]} 35. dxe5 {[%emt 0:00:03]} dxe5 {[%emt 0:02:19]} 36. Ke4 {[%emt 0:00:08]} Nf6+ {[%emt 0:04:37]} 37. Kxe5 {[%emt 0:00:06]} Ng8 {[%emt 0:00:19]} 38. b4 {[%emt 0:01:11]} Kh7 {[%emt 0:00:18]} 39. c4 {[%emt 0:00:11]} Nxh6 {[%emt 0:00:37]} 40. Ne7 {[%emt 0:00:26]} Ng4+ {[%emt 0:35:29]} 41. Kf4 {[%emt 0:30:11]} Nf6 {[%emt 0:02:13]} 42. Kf5 {[%emt 0:00:25]} Kg7 {[%emt 0:01:10]} 43. e4 {[%emt 0:01:08]} Nd7 {[%emt 0:02:57]} 44. e5 {[%emt 0:03:23]} Kf8 {[%emt 0:02:14]} 45. Nc8 {[%emt 0:00:00]} Nb6 {[%emt 0:00:00]} 0-1

[Event "17th Prague Open 2018"]
[Site "Prague"]
[Date "2018.01.18"]
[Round "8"]
[White "Krivanek, Vladimir"]
[Black "Lee, Jun Hyeok"]
[Result "1/2-1/2"]
[WhiteElo "2076"]
[BlackElo "2305"]
[Annotator "ChessBase"]
[PlyCount "154"]
[EventDate "2018.??.??"]
[EventType "swiss"]
[EventCountry "CZE"]
[SourceTitle "playchess.com"]
[Source "ChessBase"]
[SourceQuality "1"]
[TimeControl "40/5400+30:1800+30"]

1. d4 {[%emt 0:09:57]} Nf6 {[%emt 0:00:13]} 2. Bg5 {[%emt 0:00:07]} Ne4 {[%emt 0:01:24]} 3. Bf4 {[%emt 0:00:22]} d5 {[%emt 0:00:07]} 4. Nd2 {[%emt 0:01:39]} Bf5 {[%emt 0:03:30]} 5. Nxe4 {[%emt 0:02:50]} Bxe4 {[%emt 0:00:51]} 6. Nf3 {[%emt 0:04:20]} e6 {[%emt 0:01:49]} 7. e3 {[%emt 0:02:00]} Bd6 {[%emt 0:02:06]} 8. Bg3 {[%emt 0:08:15]} c5 {[%emt 0:04:31]} 9. Nd2 {[%emt 0:05:28]} Bg6 {[%emt 0:01:10]} 10. dxc5 {[%emt 0:03:02]} Bxc5 {[%emt 0:06:47]} 11. Bxb8 {[%emt 0:02:06]} Qxb8 {[%emt 0:01:59]} 12. Bb5+ {[%emt 0:00:10]} Ke7 {[%emt 0:00:11]} 13. Nb3 {[%emt 0:12:03]} Bd6 {[%emt 0:01:47]} 14. h4 {[%emt 0:00:55]} Qc7 {[%emt 0:10:53]} 15. c3 {[%emt 0:08:16]} Qb6 {[%emt 0:05:38]} 16. Be2 {[%emt 0:04:36]} Be5 {[%emt 0:05:08]} 17. Qd2 {[%emt 0:05:32]} h5 {[%emt 0:05:44]} 18. Bd3 {[%emt 0:01:29]} Rh6 {[%emt 0:03:37]} 19. Bxg6 {[%emt 0:01:43]} Rxg6 {[%emt 0:00:08]} 20. g3 {[%emt 0:00:14]} Rc8 {[%emt 0:15:02]} 21. O-O-O {[%emt 0:03:58]} Rg4 {[%emt 0:02:26]} 22. f4 {[%emt 0:00:58]} Bd6 {[%emt 0:00:25]} 23. Rhg1 {[%emt 0:00:55]} Rc4 {[%emt 0:02:29]} 24. Kb1 {[%emt 0:02:04]} Bc5 {[%emt 0:04:29]} 25. Nd4 {[%emt 0:01:33]} Bxd4 {[%emt 0:00:57]} 26. exd4 {[%emt 0:00:40]} g6 {[%emt 0:01:52]} 27. Qe3 {[%emt 0:03:05]} Qa5 {[%emt 0:02:42]} 28. Rg2 {[%emt 0:01:12]} Rc6 {[%emt 0:00:26]} 29. Rc2 {[%emt 0:00:32]} b5 {[%emt 0:02:26]} 30. Rdc1 {[%emt 0:01:23]} Qd8 {[%emt 0:02:42]} 31. Qd3 {[%emt 0:01:51]} a6 {[%emt 0:00:58]} 32. b3 {[%emt 0:00:17]} Rd6 {[%emt 0:00:39]} 33. Qe3 {[%emt 0:01:37]} Qh8 {[%emt 0:01:46]} 34. Rd1 {[%emt 0:01:45]} Qf6 {[%emt 0:03:14]} 35. Kb2 {[%emt 0:00:48]} Qf5 {[%emt 0:01:05]} 36. Re2 {[%emt 0:04:00]} Rc6 {[%emt 0:01:59]} 37. Rd3 {[%emt 0:02:20]} Kf8 {[%emt 0:01:57]} 38. Qd2 {[%emt 0:00:34]} Qf6 {[%emt 0:01:07]} 39. Rde3 {[%emt 0:00:28]} Qd8 {[%emt 0:00:43]} 40. Re1 {[%emt 0:01:17]} a5 {[%emt 0:32:01]} 41. Qe2 {[%emt 0:31:18]} Qb6 {[%emt 0:01:02]} 42. Rd3 {[%emt 0:00:00]} Qa6 {[%emt 0:00:00]} 43. Rf3 {[%emt 0:00:00]} Kg8 {[%emt 0:00:00]} 44. Rc1 {[%emt 0:00:00]} Qb6 {[%emt 0:00:00]} 45. Qe5 {[%emt 0:00:00]} a4 {[%emt 0:00:00]} 46. bxa4 {[%emt 0:00:00]} Rc8 {[%emt 0:00:00]} 47. Ka1 {[%emt 0:00:00]} bxa4 {[%emt 0:00:00]} 48. Rb1 {[%emt 0:00:00]} Qa6 {[%emt 0:00:00]} 49. Qe3 {[%emt 0:00:00]} Qd6 {[%emt 0:00:00]} 50. Qd2 {[%emt 0:00:00]} a3 {[%emt 0:00:16]} 51. Qc1 {[%emt 0:00:00]} Qa6 {[%emt 0:00:31]} 52. Qd1 {[%emt 0:00:00]} Ra8 {[%emt 0:01:24]} 53. Rb4 {[%emt 0:00:00]} Qc8 {[%emt 0:00:32]} 54. Re3 {[%emt 0:00:00]} Qc6 {[%emt 0:02:00]} 55. Kb1 {[%emt 0:00:36]} Kg7 {[%emt 0:00:34]} 56. Kc1 {[%emt 0:01:03]} Qc7 {[%emt 0:00:16]} 57. Kd2 {[%emt 0:00:39]} Rb8 {[%emt 0:00:54]} 58. Qb3 {[%emt 0:00:51]} Ra8 {[%emt 0:01:16]} 59. Rb7 {[%emt 0:01:30]} Qd8 {[%emt 0:00:37]} 60. Qb4 {[%emt 0:02:16]} Qf6 {[%emt 0:00:26]} 61. Qd6 {[%emt 0:00:30]} Kg8 {[%emt 0:01:04]} 62. Qc7 {[%emt 0:02:56]} Qf5 {[%emt 0:01:03]} 63. Re5 {[%emt 0:00:48]} Qf6 {[%emt 0:00:05]} 64. Re3 {[%emt 0:00:29]} Qf5 {[%emt 0:00:05]} 65. Rb8+ {[%emt 0:01:15]} Rxb8 {[%emt 0:00:04]} 66. Qxb8+ {[%emt 0:00:02]} Kg7 {[%emt 0:00:26]} 67. Re5 {[%emt 0:00:44]} Qf6 {[%emt 0:00:12]} 68. Rg5 {[%emt 0:00:29]} Rxg5 {[%emt 0:01:17]} 69. hxg5 {[%emt 0:00:05]} Qe7 {[%emt 0:00:14]} 70. Kc2 {[%emt 0:00:39]} f6 {[%emt 0:00:34]} 71. gxf6+ {[%emt 0:00:10]} Kxf6 {[%emt 0:00:04]} 72. Qe5+ {[%emt 0:01:29]} Kf7 {[%emt 0:00:01]} 73. Kb3 {[%emt 0:00:10]} Qb7+ {[%emt 0:01:44]} 74. Kxa3 {[%emt 0:00:08]} Qa6+ {[%emt 0:00:07]} 75. Kb3 {[%emt 0:00:20]} Qb5+ {[%emt 0:00:02]} 76. Kc2 {[%emt 0:00:27]} Qa4+ {[%emt 0:00:05]} 77. Kb2 {[%emt 0:00:20]} Qb5+ {[%emt 0:00:04]} 1/2-1/2

[Event "17th Prague Open 2018"]
[Site "Prague"]
[Date "2018.01.19"]
[Round "9"]
[White "Kiriakov, Petr"]
[Black "Claridge-Hansen, William"]
[Result "1-0"]
[WhiteElo "2528"]
[BlackElo "2304"]
[Annotator "TA"]
[PlyCount "127"]
[EventDate "2018.??.??"]
[EventType "swiss"]
[EventCountry "CZE"]
[SourceTitle "playchess.com"]
[Source "ChessBase"]
[SourceQuality "1"]

{[%evp 15,127,39,35,8,19,0,0,-25,-6,-42,81,81,83,33,37,11,22,3,13,1,0,12,2,24,13,20,22,0,90,80,93,85,102,97,225,215,176,-124,-124,-293,-280,-281,-278,-253,-180,-209,-188,-174,-168,-187,0,0,76,77,225,225,217,218,225,223,218,218,233,172,291,288,392,359,365,354,372,383,404,398,741,738,717,716,637,570,1139,1039,974,877,29937,616,758,595,584,578,664,512,1418,1106,954,924,1383,1226,2936,2177,1308,967,831,650,3273,3364,1313,2367,1784,1560,29975,29976,29967,1503]} 1. d4 Nf6 2. c4 e6 3. Nc3 Bb4 4. Qc2 c5 5. dxc5 Bxc5 6. Nf3 Qb6 7. e3 Qc7 8. Bd2 {E38: Nimzo-Indian: Classical: 4...c5} b6 {LiveBook: 6 Games} 9. O-O-O a6 10. Bd3 $146 {The position is equal.} ({Predecessor:} 10. Be2 Bb7 11. Rhg1 Nc6 12. g4 O-O-O 13. g5 Ne8 14. Kb1 Kb8 15. a3 Be7 {½-½ (42) Bosboom,M (2422)-Tiviakov,S (2593) Leeuwarden 2004}) 10... Nc6 11. a3 Bb7 12. Kb1 O-O-O (12... Be7 $15) 13. Na4 $16 Kb8 14. Bc3 Be7 15. Ng5 Rhf8 $1 16. Qb3 h6 17. Ne4 $36 {[%mdl 2048] Black is under pressure.} Ka7 18. Nxf6 Bxf6 19. c5 {[%cal Rc5b6]} b5 20. Bxf6 gxf6 21. Nc3 $1 Ne5 (21... Na5 $11 22. Qb4 Bxg2) 22. Bxb5 $1 Qxc5 23. Rd4 $1 d5 (23... axb5 $2 24. Nxb5+ Kb8 25. Nd6 $18) 24. Rc1 Qb6 (24... Rc8 $16) 25. Rb4 $1 $18 a5 26. Rf4 $2 {[#]} ({White should play} 26. Qa4 $1 $18 Ba6 27. Rb3) 26... Nd3 $1 $17 {[%mdl 512]} 27. Qa4 $2 (27. Na4 $17 {was necessary.} Nxc1 28. Kxc1 Qc7+ 29. Kb1) (27. Bxd3 Qxb3) 27... Nxf4 $19 ({Much less strong is} 27... Nxc1 28. Kxc1 d4 29. exd4 $19) 28. Qxf4 {[#]} e5 $1 {[%cal Re5f4]} 29. Qf5 Rc8 {And now ...Rxc3! would win.} 30. Bd7 Rc5 31. Rc2 Bc6 32. Qxf6 {[#]} Bxd7 $2 ({Black should try} 32... Rxc3 $1 $19 33. Rxc3 Rb8) 33. Qe7 $11 {Strongly threatening Na4.} Rc7 ({Don't go for} 33... Rd8 $2 34. Na4 $18) (33... Qc6 $11 34. Qxf8 Ka6) 34. Qxf8 $16 Bf5 (34... Qg6 $16 35. Qd8 Kb7) 35. e4 $1 $18 Bxe4 36. Nxe4 dxe4 37. Rxc7+ Qxc7 38. Qxh6 {[%mdl 4096] Endgame KQ-KQ} Qc4 39. Qe3+ Ka6 (39... Kb7 $142 40. h4 f5) 40. g4 {[%cal Bg2g4,Bg4g5][%mdl 32]} a4 41. g5 Qf1+ 42. Kc2 Qc4+ 43. Kd2 {aiming for Qe2.} Qd5+ 44. Ke1 Kb5 $2 (44... Qa2 45. Qd2 Kb7) 45. h4 Qa2 46. Qc3 Qb1+ 47. Ke2 Qh1 48. Qb4+ Kc6 49. Qxa4+ Kd6 50. Qa6+ (50. Qd1+ $142 Qxd1+ 51. Kxd1 Ke6 52. a4 Kf5 53. a5 Kg4 54. a6 Kxh4 55. b4) 50... Kd5 51. Qb5+ Kd6 {Black hopes to continue with ...Qf3+.} 52. Qb8+ Kd5 53. Qb7+ Kd4 (53... Ke6 $142 54. Qc6+ Ke7 55. Qf6+ Ke8 56. Qxe5+ Kf8 57. Qh8+ Ke7 58. Qe5+ Kf8 59. Qh8+ Ke7 60. Qf6+ Ke8 61. Qc6+ Kf8 62. Qd6+ Ke8) 54. Qd7+ Kc5 55. b4+ Kb6 56. Qxf7 Qxh4 57. Qe6+ Kb5 58. Qxe5+ Ka4 59. Ke3 Kxa3 60. Qg3 Qh7 61. g6 Qg7 62. Kxe4+ Kxb4 63. Qd6+ Kb3 64. f4 {Precision: White = 49%, Black = 34%.} (64. Qd5+ $142 Kc2 65. Qf7 Qh6 66. g7 Qc6+ 67. Kf4 Qd6+ 68. Kg5 Qd8+ 69. Kg6) 1-0

[Event "17th Prague Open 2018"]
[Site "Prague"]
[Date "2018.01.19"]
[Round "9"]
[White "Chernyshov, Konstantin"]
[Black "Prudnykova, Olga"]
[Result "1-0"]
[WhiteElo "2480"]
[BlackElo "2280"]
[Annotator "TA"]
[PlyCount "65"]
[EventDate "2018.??.??"]
[EventType "swiss"]
[EventCountry "CZE"]
[SourceTitle "playchess.com"]
[Source "ChessBase"]
[SourceQuality "1"]

{[%evp 16,65,-33,-43,-17,-66,-14,-77,-65,-133,-127,-127,-127,-143,-121,-127,-121,-501,-523,-553,-531,-1471,-375,-818,-791,-676,-383,-372,-356,-367,202,193,558,572,549,540,696,655,640,639,967,971,966,922,900,871,845,817,29989,29990,29992,29993]} 1. d4 Nf6 2. Bg5 c5 3. Bxf6 gxf6 4. c3 Qb6 5. Qd2 d5 6. e3 {A45: Trompowsky Attack} e5 (6... Nc6 7. Nf3 Rg8 8. g3 e5 9. Bg2 Be6 10. O-O cxd4 11. exd4 O-O-O 12. b3 h5 13. Qe3 {0-1 (26) Wang,C (2529)-Bu,X (2710) Shenzhen 2015}) 7. Nf3 Nc6 8. Be2 Be6 9. O-O {LiveBook: 3 Games} O-O-O 10. Na3 $146 ({Predecessor:} 10. Qc2 Kb8 11. a4 cxd4 12. cxd4 Rc8 13. Nc3 {½-½ (61) Chernyshov,K (2543)-Chernobay,A (2401) Moscow 2008}) 10... h5 (10... cxd4 $15 11. cxd4 Rg8) 11. Nc2 (11. dxc5 $1 $11 Bxc5 12. b4) 11... h4 12. Rfb1 ({White should play} 12. dxe5 $15 fxe5 13. Ng5) 12... cxd4 $17 13. cxd4 e4 $1 {[%cal Re4f3]} 14. Nfe1 Bd6 15. b4 Qc7 16. Kh1 $2 {[%mdl 8192]} (16. h3 $17 {is a better chance.}) 16... Bxh2 $19 17. b5 Bg3 $1 18. fxg3 Qxg3 $2 (18... hxg3+ 19. Kg1 Na5) 19. Bf1 $2 (19. bxc6 h3 20. Bh5 (20. cxb7+ $2 Kb8 $17) 20... bxc6 21. Kg1 Rxh5 22. Qc3) 19... h3 {( -> ...hxg2+)} 20. Kg1 {[%cal Bh1g1,Bg1f2,Bf2e1,Be1d2,Bd2c1,Bc1b2,Bb2a3][%mdl 32]} Rdg8 ({Worse is} 20... hxg2 21. Qxg2 Qh4 22. bxc6 $11) 21. bxc6 Qh2+ 22. Kf2 {[#]} (22. Kxh2 $2 {gets mated.} hxg2+ 23. Kg1 Rh1+ 24. Kf2 gxf1=Q#) 22... hxg2 $4 {[%mdl 8192]} (22... b6 $1 $19 {avoids the disaster.} 23. a3 Rh5 24. Ba6+ Kd8) 23. Bxg2 $18 ({And not} 23. cxb7+ Kb8 $11) 23... Bh3 $2 {[#]} (23... b6) 24. Qb4 $1 {[%cal Rb4b7]} b6 {[%cal Rg8g2]} 25. Qe7 $1 {[%csl LRa7,LRf6,LRf7]} Rxg2+ 26. Nxg2 Qxg2+ 27. Ke1 {Hoping for Qb7+.} Qf1+ 28. Kd2 Qd3+ 29. Kc1 Qf1+ 30. Kb2 Qb5+ 31. Nb4 Qe2+ 32. Ka3 Qxe3+ 33. Rb3 {Precision: White = 30%, Black = 55%.} 1-0

[Event "17th Prague Open 2018"]
[Site "Prague"]
[Date "2018.01.19"]
[Round "9"]
[White "Smith, Bryan"]
[Black "Nie, Xin"]
[Result "1-0"]
[WhiteElo "2439"]
[BlackElo "2154"]
[Annotator "TA"]
[PlyCount "133"]
[EventDate "2018.??.??"]
[EventType "swiss"]
[EventCountry "CZE"]
[SourceTitle "playchess.com"]
[Source "ChessBase"]
[SourceQuality "1"]

{[%evp 33,133,20,19,17,21,14,52,20,11,6,14,8,25,18,18,17,21,12,33,33,31,18,40,18,28,18,31,38,25,6,13,21,33,0,0,0,0,0,0,0,14,16,86,58,102,47,43,0,90,84,146,169,200,174,166,138,141,145,122,114,168,165,127,124,127,121,111,0,60,0,136,63,60,36,52,0,52,39,31,8,14,22,14,20,149,147,155,2,2,2,2,2,3,3,342,342,500,511,583,569,29985,29986]} 1. e4 e5 2. Nf3 Nc6 3. Bb5 a6 4. Ba4 Nf6 5. O-O Be7 6. Re1 b5 7. Bb3 d6 8. c3 O-O 9. h3 Nb8 10. d4 Nbd7 11. Nbd2 Bb7 12. Bc2 Re8 13. Nf1 Bf8 14. Ng3 g6 15. a4 c5 16. d5 c4 17. Bg5 Bg7 18. Qd2 {C95: Closed Ruy Lopez: Breyer Variation with 10 d4} Nc5 (18... Rb8 19. Nh2 Bc8 20. Ng4 Nc5 21. Nh6+ Bxh6 22. Bxh6 bxa4 23. Ra2 a3 24. bxa3 Nfd7 25. f4 a5 {1-0 (47) Anand,V (2804)-Carlsen,M (2876) Stavanger 2015}) 19. Nh2 Qc7 20. Rf1 {White is slightly better.} h5 21. Bh6 Bh8 22. Nf3 Nh7 23. Ra3 $146 ({Predecessor:} 23. Be3 Bf6 24. Ne2 Reb8 25. Nc1 {0-1 (48) Vetoshko,V (2485)-Vajda,L (2596) Slovakia 2017}) 23... Bf6 24. Rfa1 Reb8 25. Qe2 Qb6 26. Be3 Nf8 27. Nd2 Nfd7 28. Ngf1 Qc7 29. Nh2 Nb6 30. axb5 axb5 31. Rxa8 Rxa8 32. Rxa8+ Bxa8 33. g4 hxg4 $1 34. Nxg4 Bg7 35. f4 exf4 36. Bxf4 Qe7 37. Qh2 Nc8 (37... Qa7 $11) 38. Qf2 Qa7 {next ...Qa1+ is good for Black.} 39. Nf1 (39. Kg2 $16) 39... Qe7 $14 40. Nd2 Qa7 $1 {White should prevent ...Qa1+.} 41. Be3 Qa1+ (41... Qe7 $142) 42. Nf1 $1 $16 {aiming for Nf6+.} Nd7 43. Qh4 Qa5 44. Bh6 Bxh6 45. Nxh6+ Kf8 46. Ng4 {Strongly threatening Qh8+.} Qb6+ (46... Bb7 $16 {was worth a try.}) 47. Nfe3 {Threatens to win with Qh8+.} Bb7 48. Kf2 Ke8 49. Qh8+ Ke7 50. Qh4+ (50. Nh6 $16) 50... Ke8 $14 51. Qh8+ (51. Ke1 $14) 51... Ke7 $1 $16 52. Ke2 ({White should try} 52. Nh6 $1 $16) 52... Qd8 $14 53. Qh4+ Ke8 54. Qh8+ Ke7 $1 55. Qh7 Qf8 56. h4 Kd8 57. h5 gxh5 58. Qxh5 f6 (58... Ne7 $11 {remains equal.}) 59. Nf5 $36 {[%mdl 2048] White has strong initiative.} Qe8 60. Qh6 $2 (60. Qxe8+ $1 $16 Kxe8 61. Ke3) 60... Bxd5 $1 $11 61. Nxf6 ({Don't play} 61. Ng7 Qe7 $16) 61... Nxf6 62. Qxf6+ Kd7 $1 63. Qg7+ Kd8 $2 {[%mdl 8192] [#]} (63... Kc6 $11 {and Black stays safe.}) 64. Qg5+ $1 $18 ({Less strong is} 64. Ke3 Bc6 $14) 64... Kd7 {[#]} (64... Kc7 $142 65. Ng7 Qe7 66. Qxe7+ Nxe7 67. exd5 Nxd5) 65. Ng7 $1 {[%csl LRd5,LRe8][%cal Rg7e8]} Qe7 66. Qxd5 Qxg7 67. Qb7+ {Precision: White = 51%, Black = 48%.} 1-0

[Event "17th Prague Open 2018"]
[Site "Prague"]
[Date "2018.01.19"]
[Round "9"]
[White "Druska, Juraj"]
[Black "Mishuchkov, Nikolai M"]
[Result "1/2-1/2"]
[WhiteElo "2435"]
[BlackElo "2303"]
[Annotator "TA"]
[PlyCount "75"]
[EventDate "2018.??.??"]
[EventType "swiss"]
[EventCountry "CZE"]
[SourceTitle "playchess.com"]
[Source "ChessBase"]
[SourceQuality "1"]

{[%evp 15,75,32,56,33,39,32,55,58,68,47,70,55,54,57,65,57,58,52,55,60,109,79,120,130,133,132,126,126,126,126,128,127,129,129,136,81,81,81,81,81,94,87,89,91,94,56,58,0,35,27,38,44,58,15,13,11,40,-98,-152,-116,-112,-155]} 1. e4 c5 2. Nf3 e6 3. d4 cxd4 4. Nxd4 a6 5. Bd3 Nc6 6. Nxc6 dxc6 7. O-O e5 8. Nd2 Nf6 9. a4 {B42: Sicilian: Kan Variation: 5 Bd3} Bc5 10. Nc4 Nd7 11. a5 {White is slightly better.} O-O 12. Qe2 Re8 $146 ({Predecessor:} 12... Qe7 13. c3 Nf6 14. Be3 Bxe3 15. Qxe3 Rd8 16. Nb6 Rb8 17. Nxc8 Rbxc8 {0-1 (64) Burnett,A (2234)-Miezis,N (2496) Reykjavik 2015}) 13. c3 Nf6 14. Be3 Qe7 15. Bxc5 Qxc5 16. b4 $36 {[%mdl 2048] White is more active.} Qe7 17. Qe3 Rd8 18. Be2 h6 19. f3 Bd7 20. Qc5 Qxc5+ 21. bxc5 Be6 22. Nxe5 Rd2 23. Kf2 Re8 24. Rfd1 Rb2 25. c4 ({White should play} 25. Nd3 Rc2 26. Rdc1 Rxc1 27. Rxc1 (27. Nxc1 Nd7 $14)) 25... Re7 $16 26. Rdb1 Rxb1 27. Rxb1 Bc8 28. Nd3 Nd7 29. Rd1 g5 30. Nc1 Kg7 31. Nd3 ({Better is} 31. Nb3 $14) 31... Ne5 32. Nb2 Be6 33. Ke3 f5 34. Rd8 fxe4 35. fxe4 Bg4 36. Bf3 (36. Rd4 $14 {stays ahead.}) 36... Bxf3 $17 37. gxf3 Rf7 38. Re8 {Precision: White = 45%, Black = 59%.} 1/2-1/2

[Event "17th Prague Open 2018"]
[Site "Prague"]
[Date "2018.01.19"]
[Round "9"]
[White "Popov, Mikhail"]
[Black "Michalczak, Thomas"]
[Result "1-0"]
[WhiteElo "2416"]
[BlackElo "2208"]
[Annotator "TA"]
[PlyCount "119"]
[EventDate "2018.??.??"]
[EventType "swiss"]
[EventCountry "CZE"]
[SourceTitle "playchess.com"]
[Source "ChessBase"]
[SourceQuality "1"]

{[%evp 20,119,32,26,28,24,19,14,27,28,34,0,0,0,38,46,46,44,54,50,53,47,57,55,57,58,66,22,21,18,20,12,65,38,63,23,50,83,86,95,110,97,105,58,58,56,60,12,14,0,0,0,0,0,0,0,0,0,0,0,0,0,0,0,0,0,0,0,0,0,0,0,0,0,0,0,0,0,8,8,8,8,122,8,140,108,109,109,109,12,1733,1583,4506,4134,1194,3693,1433,1256,29984,29985,29985,29986]} 1. d4 Nf6 2. Nf3 d5 3. c4 e6 4. Nc3 Nbd7 5. Bf4 Be7 6. e3 O-O 7. a3 {D37: Damengambit (5.Lf4)} c5 8. cxd5 Nxd5 9. Nxd5 exd5 10. dxc5 Nxc5 11. Be2 {LiveBook: 72 Partien} Bf6 12. Be5 Bxe5 13. Nxe5 Bf5 14. O-O {[#]} Ne6 $146 ({Vorgänger:} 14... Qf6) 15. Bf3 Be4 16. Rc1 Bxf3 17. Nxf3 Qb6 18. Qd2 Rfd8 19. Rfd1 Rd6 20. Nd4 Nxd4 21. Qxd4 Qxd4 22. Rxd4 $14 {[%mdl 4096] Endspiel KTT-KTT} Rad8 23. e4 Kf8 24. Rcd1 Ke7 25. exd5 Rg6 (25... R6d7 $11) 26. f4 Kd6 27. Rc1 Re8 28. Kf2 h5 29. Kf3 Rh6 30. Rb4 (30. Ra4 {feels hotter.} a6 31. Rd4 h4 32. Rd3 Re7 33. Rb3) 30... Re7 31. Re4 (31. Rc8 {is more complex.} Kxd5 32. Rg8 Rg6 33. Rh8 Kc6 34. Rxh5 Rd6 35. Rc4+) 31... Rxe4 32. Kxe4 {KT-KT} Rh8 33. Rc2 g6 34. g3 Re8+ 35. Kd4 f5 36. b4 a6 37. Kd3 Kxd5 38. Rc7 b5 39. Rc5+ Kd6 40. a4 bxa4 41. Ra5 Ra8 42. Kd4 {Schwarz muss nun b5 beachten.} Kc7 43. Ke5 Rb8 $1 {[%cal Rb8b5] [#] Droht ...Tb5+ und aus.} 44. Rc5+ Kd7 {Droht stark ...Tb5.} 45. Kf6 $1 Rb6+ 46. Kf7 h4 47. Ra5 hxg3 (47... Kc6 {seems wilder.} 48. gxh4 Rxb4 49. Kxg6 Kb6 50. Re5 a3) 48. hxg3 Kc7 (48... Kc6 {is interesting.} 49. Kxg6 Kb7+ 50. Kf7 Rxb4 51. Rxf5 Rb5) 49. Rxa4 Kb7 $1 50. Kg7 Rd6 (50... Kc6 $1 $11) 51. Ra5 (51. Ra3 $16) 51... Kb6 (51... Rb6 $1 $11 {hält das Gleichgewicht.}) 52. Re5 $16 Rc6 53. Kf7 Rd6 54. Rc5 (54. Ra5 $16) 54... Rd3 $2 {[%mdl 8192]} (54... Kb7 $11) 55. Kxg6 $18 Rxg3+ 56. Kxf5 Rb3 {[#]} 57. Rc4 $1 Kb5 58. Re4 Rxb4 59. Rxb4+ Kxb4 60. Ke6 {Precision: Weiß = 59%, Schwarz = 44%.} 1-0